000 00762nam a2200217Ii 4500
003 JO-AjNU
008 230605s9999||||xx |||||||||||||| ||und||
017 _a2004/7/1820
040 _aJO-AjNU
_bara
_erda
_cJO-AjNU
041 _aara
050 1 4 _aPJ6065.A2828 2004
100 3 _aتاليف السفاسفة،عبد الرحمن,
_eauthor
_922672
245 0 0 _aطرائق تدريس اللغة العربية
250 _aط3
264 3 1 _aالكرك:يزيد للنشر، 2004
300 _a311ص
336 _atext
_btxt
_2rdacontent
337 _aunmediated
_bn
_2rdamedia
338 _avolume
_bnc
_2rdacarrier
650 4 _aطرائق التعلم-أساليب التدريس-التعليم العالي-المناهج-اللغة العربية
_922673
999 _aA8085
_c11653
_d11653